Missing Word: Gangster Movies (A-Z) Quiz Stats

 Plays Quiz Updated Jul 26, 2015

Challenge
Share
Tweet
Embed
Score 0/24 Timer 05:00
0 Plays Today
Title Missing Word % Correct
______ & ClydeBonnie
99.1%
Pulp ______Fiction
98.4%
____ Upon A Time In AmericaOnce
97.6%
King Of New ____York
92.2%
_______ BrascoDonnie
92.1%
The Public ______Enemy
90.9%
Carlito's ____Way
87.7%
________ DogsReservoir
81.4%
_____ RomanceTrue
81.1%
__ and AQ
80.2%
___ Jack CityNew
78.7%
______ with Dirty FacesAngels
75.1%
Title Missing Word % Correct
_______ BrownJackie
70.2%
Mean ______Streets
68.4%
______ CaesarLittle
66.1%
Machine-Gun ______Kelly
59.9%
City of ___God
53.5%
The _________Untouchables
50%
White ____Heat
47.3%
Get ______Carter
45.1%
Eastern _______Promises
38.4%
_______ CrossingMiller's
36.3%
_______ AffairsInfernal
23.1%
The _______ PapersValachi
17.6%

Today's Daily Dose

You're not logged in!

Compare scores with friends on all Sporcle quizzes.
OR
Log In

You Might Also Like...

Show Comments

Extras

Top Quizzes Today


Score Distribution

Your Account Isn't Verified!

In order to create a playlist on Sporcle, you need to verify the email address you used during registration. Go to your Sporcle Settings to finish the process.

Report this User

Report this user for behavior that violates our Community Guidelines.

Details: